| 000 | 00825nam a2200241 a 4500 | ||
|---|---|---|---|
| 005 | 20240919064249.0 | ||
| 008 | 100215s2005 mx r 000 0 spa d | ||
| 020 | _a8446016737 | ||
| 035 | _aUPN01000174733 | ||
| 049 | _aCG | ||
| 050 | 4 |
_aB808.5 _bA3.4 |
|
| 100 | 1 |
_aAdorno, Theodor W., _d1903-1969 |
|
| 245 | 1 | 0 |
_aDialéctica negativa : _bla jerga de la autenticidad / _cTh. W. Adorno ; colab. de Gretel Adorno ; tr. de Alfredo Brotons Muñoz. |
| 260 |
_aMadrid : _bAkal, _c2005. |
||
| 300 | _a505 p. | ||
| 440 | 0 |
_aAkal básica de bolsillo ; _v66 |
|
| 534 |
_pTítulo original: _tNegative dialektik. Jargon der eigentlichkeit |
||
| 650 | 7 |
_aDialéctica _2 _915182 |
|
| 650 | 4 |
_aFILOSOFIA - _xTERMINOLOGIA _98062 |
|
| 650 | 4 |
_aFILOSOFIA ALEMANA - _ySIGLO XX _98209 |
|
| 700 | 1 |
_aAdorno, Gretel, _ecolab. |
|
| 905 | _aLibro | ||
| 999 |
_c146837 _d146837 |
||